[Event "Veteranos"]
[Site "?"]
[Date "2010.??.??"]
[Round "7.10"]
[White "Marín, Angel María"]
[Black "Gimeno, José Andrés"]
[Result "0-1"]
[WhiteElo "1712"]
[BlackElo "1741"]
[PlyCount "92"]

1. d4 Nf6 2. c4 e6 3. Nc3 c5 4. e3 g6 5. Nf3 Bg7 6. g3 b6 7. Bg2 Bb7 8. O-O O-O
9. Qc2 d5 10. dxc5 bxc5 11. cxd5 exd5 12. b3 Nc6 13. Ba3 Nb4 14. Bxb4 cxb4 15.
Ne2 Ne4 16. Rad1 Rc8 17. Qd3 Qa5 18. Ned4 Ba6 19. Qb1 Bxf1 20. Rxf1 Nc3 21. Qd3
Qxa2 22. Bh3 Ra8 23. Nh4 a5 24. f4 Bxd4 25. exd4 Rae8 26. Bg4 Qxb3 27. f5 Qc4
28. Qd2 Ne2+ 29. Kh1 Qxd4 30. Qg5 Qe3 31. Qf6 Qe7 32. Qb2 Qe5 33. Qd2 Nxg3+ 34.
hxg3 Qxg3 35. Qg5 f6 36. Qh6 g5 37. Rg1 Qxh4+ 38. Qxh4 gxh4 39. Bf3+ Kh8 40.
Bxd5 Re5 41. Be6 Re2 42. Bb3 Rf2 43. Be6 a4 44. Bd7 a3 45. Be6 Rb8 46. Ra1 b3
0-1

[Event "Veteranos"]
[Site "?"]
[Date "2010.??.??"]
[Round "7.11"]
[White "Samper, Julio Alfredo"]
[Black "Martínez, Manuel"]
[Result "0-1"]
[WhiteElo "1540"]
[BlackElo "1689"]
[PlyCount "80"]

1. e4 c6 2. Nf3 d5 3. exd5 cxd5 4. d4 Nf6 5. Nc3 Bg4 6. Bb5+ Nc6 7. Bd2 a6 8.
Be2 Bxf3 9. Bxf3 Nxd4 10. Bg5 Nxf3+ 11. Qxf3 e6 12. Bxf6 Qxf6 13. Qxf6 gxf6 14.
Ne2 Rc8 15. O-O-O Bh6+ 16. Kb1 O-O 17. Rd4 f5 18. Rhd1 Bg7 19. Rh4 Rc7 20. g4
Bf6 21. g5 Bg7 22. Rd3 Rfc8 23. c3 Rc4 24. Nd4 Bxd4 25. Rhxd4 Kg7 26. Kc2 R8c5
27. Kd2 Kg6 28. f4 Rxd4 29. Rxd4 Kh5 30. Ke3 b5 31. a3 h6 32. gxh6 Kxh6 33. Rd2
Rc4 34. Rd4 Rc8 35. Rd2 Rg8 36. Kd4 Rc8 37. Ke5 Rc4 38. Rf2 Kg7 39. Rg2+ Kf8
40. Rf2 Ke7 0-1

[Event "Veteranos"]
[Site "?"]
[Date "2010.??.??"]
[Round "7.12"]
[White "Burillo, Amelia"]
[Black "Lasierra, Javier"]
[Result "1-0"]
[WhiteElo "1500"]
[BlackElo "1700"]
[PlyCount "67"]

1. Nf3 d5 2. d4 Bg4 3. e3 e6 4. c4 Bb4+ 5. Bd2 Nc6 6. Bxb4 Nxb4 7. a3 Nc6 8.
cxd5 Qxd5 9. Be2 O-O-O 10. Nc3 Qd7 11. h3 Bh5 12. O-O f5 13. Ne5 Bxe2 14. Qxe2
Nxe5 15. dxe5 g5 16. Rfd1 Qg7 17. Rxd8+ Kxd8 18. f4 h5 19. Qb5 Ne7 20. Qxb7
gxf4 21. Rd1+ Ke8 22. exf4 Qg3 23. Qb8+ Kf7 24. Qxh8 Qxf4 25. Qf6+ Ke8 26. Nb5
Qe3+ 27. Kh1 Qc5 28. Nc3 Qb6 29. Rd2 a5 30. Qh8+ Kf7 31. Qxh5+ Kg7 32. Rd8 Qe3
33. Qh8+ Kg6 34. Qf6+ 1-0

[Event "Veteranos"]
[Site "?"]
[Date "2010.??.??"]
[Round "7.13"]
[White "Pardo, Venancio"]
[Black "Cervera, Ramón"]
[Result "0-1"]
[WhiteElo "1824"]
[BlackElo "1611"]
[PlyCount "68"]

1. d4 g6 2. c4 Bg7 3. Nf3 Nf6 4. Nc3 d5 5. cxd5 Nxd5 6. e4 Nb6 7. Be3 O-O 8.
Be2 Be6 9. O-O Bc4 10. Rc1 c6 11. b3 Bxe2 12. Nxe2 N8d7 13. Qd2 Nf6 14. Nc3 Qc7
15. h3 Rfd8 16. Bf4 Qc8 17. Qe2 Nh5 18. Be3 Nf6 19. Rfd1 e6 20. Bg5 h6 21. Be3
Qc7 22. Bf4 Qe7 23. Be5 Nbd7 24. Bxf6 Nxf6 25. e5 Nd5 26. Nxd5 Rxd5 27. Qb2
Rad8 28. b4 b6 29. Rxc6 Bxe5 30. Nxe5 Rxe5 31. dxe5 Rxd1+ 32. Kh2 Qg5 33. Rc2
Qf4+ 34. g3 Qf3 0-1

[Event "Veteranos"]
[Site "?"]
[Date "2010.??.??"]
[Round "7.14"]
[White "García, Obdulio"]
[Black "Latorre, Francisco"]
[Result "0-1"]
[WhiteElo "1700"]
[BlackElo "1517"]
[PlyCount "68"]

1. d4 d5 2. c4 Nf6 3. Bf4 e6 4. e3 c5 5. Nf3 Nc6 6. dxc5 Bxc5 7. h3 O-O 8. Nbd2
Re8 9. cxd5 Nxd5 10. Bh2 Ncb4 11. a3 Nc6 12. Bb5 Bd7 13. O-O a6 14. Be2 Rc8 15.
Rc1 Ba7 16. Nc4 Bc5 17. b4 Be7 18. Nfe5 Nxe5 19. Nxe5 Rxc1 20. Qxc1 Ba4 21. Qb2
Bf6 22. Rc1 Qa8 23. e4 Ne7 24. Bd1 Bxd1 25. Rxd1 Nc6 26. g4 Rd8 27. Rxd8+ Qxd8
28. b5 axb5 29. Qxb5 Bxe5 30. Bxe5 f6 31. Bb2 Qd7 32. Kg2 e5 33. Kf3 Nd4+ 34.
Bxd4 Qxb5 0-1

[Event "Veteranos"]
[Site "?"]
[Date "2010.??.??"]
[Round "7.15"]
[White "Solana, Angel"]
[Black "López, Jesús"]
[Result "1-0"]
[WhiteElo "1570"]
[BlackElo "1500"]
[PlyCount "66"]

1. d4 Nf6 2. c4 e6 3. Nc3 d5 4. Bg5 Be7 5. Nf3 c5 6. e3 O-O 7. Rc1 Bd7 8. cxd5
exd5 9. Bxf6 Bxf6 10. Nxd5 cxd4 11. Nxf6+ Qxf6 12. Nxd4 Rd8 13. Bd3 Nc6 14. O-O
Nxd4 15. exd4 Bc6 16. Rc4 Bb5 17. Rb4 Bxd3 18. Qxd3 Rd7 19. Rc1 Rad8 20. h3 a5
21. Ra4 Qg5 22. Rac4 Rxd4 23. Qf3 Qb5 24. Rxd4 Re8 25. Re4 Rd8 26. Re7 f6 27.
Rce1 Kf8 28. Rxb7 Qa4 29. Qa3+ Qxa3 30. bxa3 Rd2 31. Rc1 Re2 32. Rc8+ Re8 33.
Rxe8+ Kxe8 1-0

[Event "Veteranos"]
[Site "?"]
[Date "2010.??.??"]
[Round "7.16"]
[White "Codina, Juan"]
[Black "Otal, José Miguel"]
[Result "1-0"]
[WhiteElo "1606"]
[BlackElo "1577"]
[PlyCount "107"]

1. d4 Nf6 2. c4 g6 3. Nc3 Bg7 4. Bg5 O-O 5. h3 a6 6. Nf3 d6 7. e4 Re8 8. Be2 e5
9. d5 Nbd7 10. b4 b6 11. a4 a5 12. Qb3 axb4 13. Qxb4 Nc5 14. Bxf6 Bxf6 15. O-O
Bd7 16. a5 Na6 17. Qb2 Qb8 18. axb6 cxb6 19. Rfb1 Bd8 20. Ra3 Nc5 21. Rxa8 Qxa8
22. Ra1 Qc8 23. Kh2 Rf8 24. Nd2 f5 25. Nb5 Bxb5 26. Qxb5 fxe4 27. Bg4 Qc7 28.
Be6+ Nxe6 29. dxe6 Qe7 30. Nxe4 Qxe6 31. Ra7 Kh8 32. Qd7 Qxd7 33. Rxd7 Bh4 34.
f3 Kg8 35. Rxd6 Rb8 36. Rd5 b5 37. cxb5 Bd8 38. g3 Bc7 39. Nf6+ Kg7 40. Nd7 Rd8
41. b6 Bb8 42. b7 h6 43. Nb6 Rxd5 44. Nxd5 Kf7 45. Ne3 Ke8 46. Ng4 h5 47. Nxe5
Bxe5 48. Kg2 Kd7 49. f4 Bb8 50. Kf3 Kc6 51. Ke4 Kxb7 52. Kd5 g5 53. fxg5 Bxg3
54. g6 1-0

[Event "Veteranos"]
[Site "?"]
[Date "2010.??.??"]
[Round "7.17"]
[White "Requeno, Juan José"]
[Black "Menjón, Miguel"]
[Result "0-1"]
[WhiteElo "1500"]
[BlackElo "1632"]
[PlyCount "106"]

1. d4 Nf6 2. c4 e6 3. Nf3 b6 4. e3 Bb7 5. a3 c5 6. Nc3 Be7 7. Be2 Na6 8. O-O
Nc7 9. Rb1 O-O 10. b4 d6 11. b5 Ne4 12. Nxe4 Bxe4 13. Nd2 Bxb1 14. Bf3 Bd3 15.
Re1 Rb8 16. Qb3 Bg6 17. d5 exd5 18. cxd5 Bf6 19. a4 Be5 20. Nc4 Re8 21. e4 h6
22. Qd1 Qh4 23. g3 Qd8 24. Bh5 Bd4 25. Bxg6 fxg6 26. Kg2 Qf6 27. f3 Rf8 28. Rf1
Rf7 29. Bf4 Be5 30. Be3 a6 31. Qb1 g5 32. g4 Bf4 33. Bf2 Qc3 34. Nxd6 Bxd6 35.
Qd1 axb5 36. axb5 Rbf8 37. Bg3 Bxg3 38. Kxg3 Qe5+ 39. Kg2 Nxb5 40. Qd3 Nd4 41.
h3 Rf4 42. Qd1 Qe8 43. Qb1 Nxf3 44. Qxb6 Nh4+ 45. Kg3 Rxf1 46. Qe6+ Qxe6 47.
dxe6 R8f3+ 48. Kh2 Re1 49. e7 Rxe4 50. e8=Q+ Rxe8 51. Kh1 Rf2 52. Kg1 Ra2 53.
Kf1 Rb8 0-1

[Event "Veteranos"]
[Site "?"]
[Date "2010.??.??"]
[Round "7.18"]
[White "Ubeda, Angel"]
[Black "Pinilla, José Carlos"]
[Result "1-0"]
[WhiteElo "1513"]
[BlackElo "1500"]
[PlyCount "47"]

1. d4 e6 2. c4 f6 3. Nf3 Nh6 4. Bxh6 gxh6 5. Nc3 b6 6. g3 Bb7 7. Bg2 Na6 8. a3
c5 9. O-O cxd4 10. Nxd4 Bxg2 11. Kxg2 Nc5 12. Qc2 Bg7 13. Rad1 O-O 14. b4 Nb7
15. Nxe6 Qc8 16. Nxf8 Bxf8 17. Nd5 Qd8 18. Qf5 Bg7 19. Nf4 d6 20. Qd5+ Kh8 21.
Qxb7 Qe8 22. Rxd6 Rd8 23. Rfd1 Bf8 24. Rxd8 1-0

[Event "Veteranos"]
[Site "?"]
[Date "2010.??.??"]
[Round "8.1"]
[White "Ruiz, José Manuel"]
[Black "Domínguez, Fernando"]
[Result "1/2-1/2"]
[WhiteElo "1899"]
[BlackElo "2069"]
[PlyCount "35"]
[EventDate "2010.04.10"]

1. e4 c6 2. d4 d5 3. Nc3 dxe4 4. Nxe4 Nf6 5. Nxf6+ exf6 6. Nf3 g6 7. Bd3 Qe7+
8. Be3 Bg7 9. O-O O-O 10. Re1 Qd6 11. h3 Nd7 12. c4 c5 13. d5 b5 14. cxb5 Qxd5
15. Qc2 Bb7 16. Rad1 Ne5 17. Be2 Qxa2 18. Nxe5 1/2-1/2

[Event "Veteranos"]
[Site "?"]
[Date "2010.??.??"]
[Round "8.2"]
[White "Navarro, Jesús"]
[Black "Royo, Manuel"]
[Result "1/2-1/2"]
[WhiteElo "1850"]
[BlackElo "1950"]
[PlyCount "57"]
[EventDate "2010.04.10"]

1. e4 c5 2. Nf3 d6 3. d4 cxd4 4. Nxd4 Nf6 5. Nc3 Nc6 6. f3 e5 7. Nb3 Be6 8. Be3
d5 9. exd5 Nxd5 10. Nxd5 Qxd5 11. Qxd5 Bxd5 12. O-O-O O-O-O 13. Bd3 Be7 14. a3
Bxb3 15. cxb3 Bf6 16. Bc4 Nd4 17. Bxd4 Rxd4 18. Rxd4 exd4 19. Bxf7 Bg5+ 20. Kc2
Kd7 21. Bd5 b6 22. Be4 Be3 23. Kd3 g6 24. Re1 Rc8 25. Re2 Rc1 26. Rc2 Rd1+ 27.
Ke2 Rg1 28. Kd3 a6 29. g4 1/2-1/2

[Event "Veteranos"]
[Site "?"]
[Date "2010.??.??"]
[Round "8.3"]
[White "Yáñez, Gonzalo"]
[Black "Martínez, Juan"]
[Result "1/2-1/2"]
[WhiteElo "1895"]
[BlackElo "1841"]
[PlyCount "32"]
[EventDate "2010.04.10"]

1. e4 e5 2. Nf3 Nf6 3. d4 Nxe4 4. Bd3 d5 5. Nxe5 Nc6 6. Nxc6 bxc6 7. O-O Bd6 8.
Nd2 Nxd2 9. Bxd2 O-O 10. Be3 Qh4 11. g3 Qh3 12. Re1 Bg4 13. Be2 Bxe2 14. Qxe2
f5 15. f4 Rae8 16. Qa6 Re4 1/2-1/2

[Event "Veteranos"]
[Site "?"]
[Date "2010.??.??"]
[Round "8.4"]
[White "Edeso, Francisco"]
[Black "Arteaga, Francisco"]
[Result "1/2-1/2"]
[WhiteElo "1797"]
[BlackElo "1709"]
[PlyCount "49"]
[EventDate "2010.04.10"]

1. d4 e6 2. c4 c5 3. d5 exd5 4. cxd5 d6 5. Nc3 Nf6 6. Bg5 a6 7. a4 Nbd7 8. Nf3
g6 9. e3 Bg7 10. Ne4 Qe7 11. Nc3 O-O 12. Bd3 Ne5 13. Nxe5 Qxe5 14. Bf4 Qe7 15.
O-O Nh5 16. Bg3 Nxg3 17. hxg3 Qe5 18. Re1 Qg5 19. Qb3 Rb8 20. Bxa6 Qe7 21. Bd3
h5 22. Qb6 h4 23. gxh4 Qxh4 24. Qxd6 Bg4 25. Qh2 1/2-1/2

[Event "Veteranos"]
[Site "?"]
[Date "2010.??.??"]
[Round "8.5"]
[White "Sanz, Alberto"]
[Black "Sarto, Angel"]
[Result "1/2-1/2"]
[WhiteElo "1782"]
[BlackElo "1962"]
[PlyCount "61"]
[EventDate "2010.04.10"]

1. e4 g6 2. d4 c6 3. f4 d5 4. exd5 cxd5 5. c4 Nf6 6. Nc3 Bg7 7. c5 O-O 8. Be2
Nc6 9. Be3 Bf5 10. a3 Ne4 11. Nxe4 Bxe4 12. Nf3 f6 13. O-O a5 14. Nd2 Bf5 15.
g4 Be6 16. f5 Bf7 17. Bd3 Qd7 18. Qc2 e5 19. fxg6 hxg6 20. dxe5 Nxe5 21. h3
Nxd3 22. Qxd3 Qc6 23. Bd4 Rfe8 24. Rf3 Re6 25. Raf1 a4 26. Qc3 Ra6 27. g5 Qd7
28. Bxf6 d4 29. Qd3 Bxf6 30. gxf6 Qd5 31. Rf4 1/2-1/2

[Event "Veteranos"]
[Site "?"]
[Date "2010.??.??"]
[Round "8.6"]
[White "Martínez, Manuel"]
[Black "Bernad, Antonio"]
[Result "0-1"]
[WhiteElo "1689"]
[BlackElo "1724"]
[PlyCount "46"]
[EventDate "2010.04.10"]

1. d4 e6 2. c4 f5 3. Nf3 Nf6 4. Nc3 c6 5. a3 a5 6. Qc2 d5 7. e3 Bd6 8. c5 Bc7
9. Rb1 O-O 10. Be2 Qe8 11. b4 axb4 12. axb4 e5 13. b5 e4 14. Nd2 Qg6 15. g3 Ng4
16. h3 Nxf2 17. Kxf2 Qxg3+ 18. Kf1 f4 19. Ncxe4 fxe3+ 20. Nf3 Rxf3+ 21. Bxf3
Qxf3+ 22. Nf2 exf2 23. Rh2 Bxh3+ 0-1

[Event "Veteranos"]
[Site "?"]
[Date "2010.??.??"]
[Round "8.7"]
[White "Beltrán, Alfredo"]
[Black "Burillo, Amelia"]
[Result "1/2-1/2"]
[WhiteElo "1700"]
[BlackElo "1700"]
[PlyCount "32"]
[EventDate "2010.04.10"]

1. d4 g6 2. Nf3 Bg7 3. g3 Nf6 4. Bg2 c6 5. O-O O-O 6. Re1 d5 7. c3 Nbd7 8. Nbd2
Re8 9. e4 e5 10. exd5 e4 11. Ng5 cxd5 12. Qb3 Nb6 13. Nf1 Nc4 14. Nh3 a6 15.
Nf4 b5 16. Ne3 Be6 1/2-1/2

[Event "Veteranos"]
[Site "?"]
[Date "2010.??.??"]
[Round "8.8"]
[White "Cervera, Ramón"]
[Black "Navarro, Rafael"]
[Result "0-1"]
[WhiteElo "1611"]
[BlackElo "1673"]
[PlyCount "138"]
[EventDate "2010.04.10"]

1. c4 Nf6 2. Nc3 e6 3. Qb3 d5 4. cxd5 exd5 5. g3 c6 6. Bg2 Bc5 7. Nf3 Qb6 8.
Qxb6 axb6 9. d4 Be7 10. Bf4 O-O 11. O-O Be6 12. Rfc1 Nbd7 13. Ng5 Bf5 14. f3 h6
15. Nh3 Rfe8 16. e4 dxe4 17. fxe4 Bg6 18. Nf2 Bb4 19. e5 Nh7 20. a3 Be7 21. Bh3
Nhf8 22. Nce4 c5 23. d5 Bd8 24. Nd6 Re7 25. Nxb7 Nxe5 26. Nxd8 Rxd8 27. Rd1
Nf3+ 28. Kg2 Nd4 29. d6 Re2 30. Kf1 Rxb2 31. Be5 Rc2 32. Bxd4 cxd4 33. Rxd4 Nd7
34. Re1 Kf8 35. Re7 Nc5 36. Re1 Rc3 37. a4 Ra3 38. Rc1 Rxa4 39. Rxa4 Nxa4 40.
d7 Nc5 41. Rd1 f5 42. Rd6 Kf7 43. Rxb6 Rxd7 44. g4 f4 45. g5 Ra7 46. gxh6 gxh6
47. Ng4 Kg7 48. Rc6 Ne4 49. Ne5 Bh5 50. Bf5 Ng5 51. h4 Nf3 52. Nxf3 Bxf3 53.
Rg6+ Kf8 54. Rxh6 Ra2 55. h5 Rh2 56. Bg6 Bg4 57. Rh8+ Kg7 58. Rh7+ Kf6 59. Rf7+
Kg5 60. Kg1 Rh4 61. Kf2 Bxh5 62. Bxh5 Rxh5 63. Rg7+ Kf5 64. Rf7+ Ke4 65. Re7+
Re5 66. Rxe5+ Kxe5 67. Ke2 Ke4 68. Ke1 Ke3 69. Kf1 Kf3 0-1

[Event "Veteranos"]
[Site "?"]
[Date "2010.??.??"]
[Round "8.9"]
[White "Latorre, Francisco"]
[Black "Pellicer, Rafael José"]
[Result "0-1"]
[WhiteElo "1517"]
[BlackElo "1811"]
[PlyCount "54"]
[EventDate "2010.04.10"]

1. d4 d5 2. Nf3 Bg4 3. e3 Nd7 4. c4 c6 5. cxd5 cxd5 6. Nc3 e6 7. a3 f5 8. Be2
Bh5 9. b4 Ngf6 10. Bb2 a6 11. Rc1 Bd6 12. b5 O-O 13. bxa6 bxa6 14. Na4 Ne4 15.
O-O Qb8 16. Rb1 Bxf3 17. Bxf3 Bxh2+ 18. Kh1 Rf6 19. Bxe4 fxe4 20. Bc3 Qc7 21.
g4 Rf3 22. Bb4 Qd8 23. Qxf3 exf3 24. Rfc1 Qh4 25. Be7 Qxg4 26. Rg1 Bxg1 27.
Rxg1 Qh3# 0-1

[Event "Veteranos"]
[Site "?"]
[Date "2010.??.??"]
[Round "8.10"]
[White "Félez, Carlos"]
[Black "Lorente, Antonio"]
[Result "1/2-1/2"]
[WhiteElo "1634"]
[BlackElo "1723"]
[PlyCount "60"]
[EventDate "2010.04.10"]

1. c4 Nf6 2. Nc3 e6 3. Nf3 b6 4. e3 Bb7 5. Be2 Be7 6. b3 d5 7. cxd5 exd5 8. O-O
Nbd7 9. d4 O-O 10. Qc2 Rc8 11. Nb5 Ba6 12. Nxa7 Bxe2 13. Nc6 Qe8 14. Qxe2 Ne4
15. Nxe7+ Qxe7 16. Bb2 Rfe8 17. Ne5 Nxe5 18. dxe5 Qe6 19. f4 f5 20. exf6 Nxf6
21. Rae1 Ng4 22. Rf3 c5 23. Rg3 Nf6 24. Be5 Re7 25. Qb2 Rf8 26. h3 Ref7 27.
Bxf6 Rxf6 28. Rf3 Qe4 29. Qd2 Rg6 30. Kf2 Re6 1/2-1/2

[Event "Veteranos"]
[Site "?"]
[Date "2010.??.??"]
[Round "8.11"]
[White "Argüeso, Manuel"]
[Black "Marín, Angel María"]
[Result "1/2-1/2"]
[WhiteElo "1824"]
[BlackElo "1712"]
[PlyCount "96"]
[EventDate "2010.04.10"]

1. d4 Nf6 2. c4 g6 3. Nc3 Bg7 4. e4 d6 5. Be2 O-O 6. Nf3 Nbd7 7. O-O c5 8. d5
Ng4 9. Ne1 Ngf6 10. f4 a6 11. a4 Qc7 12. a5 e5 13. f5 b5 14. cxb5 axb5 15. Nxb5
Qb8 16. Nc3 Ba6 17. Bxa6 Rxa6 18. Qe2 Ra8 19. g4 h6 20. h4 Qd8 21. g5 hxg5 22.
hxg5 Nh7 23. f6 Bh8 24. a6 Qb6 25. Qb5 Qc7 26. Rf3 Rfb8 27. Qe2 Qb6 28. Kh1 Ra7
29. Rh3 Rba8 30. Qh2 Ndf8 31. Ra3 Rxa6 32. Rxh7 Nxh7 33. Na4 Qb5 34. Qh4 Rxa4
35. Rh3 Qf1+ 36. Kh2 Qxh3+ 37. Kxh3 Rc4 38. Bd2 Rb8 39. Bc3 Ra8 40. Qg4 Rd8 41.
Ng2 Bxf6 42. gxf6 Nxf6 43. Qg5 Kg7 44. Nh4 Rh8 45. Kg2 Nxe4 46. Nf5+ Kh7 47.
Qh4+ Kg8 48. Qd8+ Kh7 1/2-1/2

[Event "Veteranos"]
[Site "?"]
[Date "2010.??.??"]
[Round "8.12"]
[White "Cristóbal, Angel"]
[Black "Solana, Angel"]
[Result "1-0"]
[WhiteElo "1515"]
[BlackElo "1570"]
[PlyCount "82"]
[EventDate "2010.04.10"]

1. e4 c5 2. g3 b6 3. Bg2 Bb7 4. Nc3 e6 5. Nge2 d5 6. exd5 exd5 7. d4 Nf6 8. O-O
Be7 9. Re1 O-O 10. Nf4 cxd4 11. Qxd4 Bc5 12. Qd2 Qd7 13. Nfxd5 Nxd5 14. Nxd5
Bxd5 15. Qxd5 Re8 16. Be3 Qxd5 17. Bxd5 Na6 18. Bxa8 Rxa8 19. Bxc5 Nxc5 20. Re7
Kf8 21. Rae1 Na4 22. b3 Nc3 23. a4 Nd5 24. Rd7 Nf6 25. Rb7 Nd5 26. Re5 Rd8 27.
Rxa7 f6 28. Re2 f5 29. c4 Nf6 30. Ree7 Nh5 31. Rf7+ Kg8 32. Rxf5 Nf6 33. a5
bxa5 34. Rfxa5 Rd1+ 35. Kg2 h6 36. b4 Rd2 37. Re7 Rd4 38. Rc5 Rd2 39. h3 Kf8
40. Rcc7 Nh5 41. b5 Re2 1-0

[Event "Veteranos"]
[Site "?"]
[Date "2010.??.??"]
[Round "8.13"]
[White "Menjón, Miguel"]
[Black "Codina, Juan"]
[Result "1-0"]
[WhiteElo "1632"]
[BlackElo "1608"]
[PlyCount "107"]
[EventDate "2010.04.10"]

1. d4 e6 2. c4 c6 3. Nf3 d5 4. e3 h6 5. c5 b5 6. Ne5 Nf6 7. Bd3 Bb7 8. a3 Nbd7
9. f4 Nxe5 10. fxe5 Nd7 11. O-O Qe7 12. Nc3 O-O-O 13. b4 g5 14. a4 a6 15. axb5
cxb5 16. Qf3 Nb8 17. Qxf7 Qxf7 18. Rxf7 Nc6 19. Ba3 Be7 20. Raf1 g4 21. Rg7 h5
22. Rff7 Rde8 23. Rh7 Kd8 24. Bg6 h4 25. Bh5 Rxh7 26. Rxh7 g3 27. hxg3 hxg3 28.
Bxe8 Kxe8 29. Kf1 Nd8 30. Rg7 Nf7 31. Rxg3 Kd7 32. Ne2 Nh6 33. Nf4 Nf5 34. Rh3
Bc8 35. g4 Ng7 36. Rh7 Ne8 37. Ng6 Kd8 38. Nxe7 Bb7 39. Ng6 Bc8 40. Bc1 Bd7 41.
Nf8 Bc8 42. c6 Nc7 43. Ng6 a5 44. bxa5 Ba6 45. Kf2 b4 46. Rh8+ Ne8 47. Nf4 Bb5
48. Nxe6+ Ke7 49. c7 Bd7 50. Nc5 Bc8 51. g5 b3 52. Rh7+ Kf8 53. a6 Kg8 54. g6
1-0

[Event "Veteranos"]
[Site "?"]
[Date "2010.??.??"]
[Round "8.14"]
[White "Otal, José Miguel"]
[Black "García, Obdulio"]
[Result "0-1"]
[WhiteElo "1577"]
[BlackElo "1700"]
[PlyCount "99"]
[EventDate "2010.04.10"]

1. e4 e5 2. Nf3 d6 3. d4 Nc6 4. d5 Nb8 5. Be2 Nf6 6. Nc3 Bg4 7. O-O Be7 8. h3
Bh5 9. Bg5 Nbd7 10. a3 O-O 11. b4 h6 12. Be3 Bg6 13. Nd2 a6 14. f4 exf4 15.
Bxf4 Nh7 16. Bd3 Bf6 17. Ndb1 Ne5 18. Bxe5 Bxe5 19. Ra2 Qh4 20. Qg4 Qxg4 21.
hxg4 Ng5 22. Re1 Rae8 23. Kh1 h5 24. gxh5 Bxh5 25. Nd1 Bg3 26. Rf1 Bxd1 27.
Rxd1 Nxe4 28. Rf1 Nf2+ 29. Kg1 Nxd3 30. cxd3 Re5 31. Nc3 f5 32. Raa1 g6 33. b5
axb5 34. Nxb5 Rxd5 35. Nxc7 Rxd3 36. a4 Be5 37. Nb5 Bxa1 38. Rxa1 Re8 39. a5
Re5 40. Nc7 Rde3 41. Kh2 f4 42. Na8 g5 43. Nb6 g4 44. Ra2 Rh5+ 45. Kg1 g3 46.
Ra1 Rhe5 47. Rf1 Re1 48. Nc4 Rxf1+ 49. Kxf1 Rd5 50. Ke2 0-1

[Event "Veteranos"]
[Site "?"]
[Date "2010.??.??"]
[Round "8.16"]
[White "Pinilla, José Carlos"]
[Black "Moreno, Ignacio"]
[Result "1/2-1/2"]
[WhiteElo "1500"]
[BlackElo "1500"]
[PlyCount "43"]

1. e4 e6 2. c3 Bc5 3. d4 Bd6 4. Nd2 c6 5. Ne2 Ne7 6. g3 O-O 7. Bg2 c5 8. dxc5
Bc7 9. Nc4 Nbc6 10. Bf4 Ng6 11. Be3 b6 12. f4 Ba6 13. b3 Re8 14. Bh3 Bc8 15.
Nd6 Bxd6 16. Qxd6 Qe7 17. Qxe7 Rxe7 18. O-O Ba6 19. c4 Nb4 20. Rac1 Bb7 21. Nc3
Nf8 22. Ne2 1/2-1/2

[Event "Veteranos"]
[Site "?"]
[Date "2010.??.??"]
[Round "8.17"]
[White "Ubeda, Angel"]
[Black "Requeno, Juan José"]
[Result "1-0"]
[WhiteElo "1513"]
[BlackElo "1500"]
[PlyCount "91"]

1. d4 d5 2. c4 c6 3. Nf3 e6 4. e3 Nf6 5. Nc3 a6 6. cxd5 cxd5 7. Bd3 Bd6 8. O-O
O-O 9. b3 b5 10. a4 b4 11. Ne2 Nc6 12. Qc2 Bb7 13. Bb2 Rc8 14. Qd2 Na5 15. Qd1
Qc7 16. Rc1 Qb8 17. Ne5 Rfd8 18. Rxc8 Bxc8 19. Bc1 Nd7 20. f4 f6 21. Nxd7 Rxd7
22. Qc2 g6 23. Bd2 Rc7 24. Qb2 f5 25. Rc1 Kf7 26. Rxc7+ Qxc7 27. Qc2 Qxc2 28.
Bxc2 Bb7 29. Nc1 Kf6 30. Nd3 Nc6 31. Nc5 Bxc5 32. dxc5 a5 33. Bc1 Kf7 34. Bb2
h6 35. Bd3 g5 36. g3 Nb8 37. Bd4 Ba6 38. Bxa6 Nxa6 39. c6 Ke8 40. Bb6 gxf4 41.
gxf4 Ke7 42. c7 Nxc7 43. Bxc7 Kd7 44. Bxa5 Kc6 45. Bxb4 Kb6 46. Kf2 1-0